Responses for Show #2567 - Tuesday, October 31, 1995

Contestants

[<< previous game]

Barbara Szyszkiewicz, a homemaker from Willingboro, New Jersey

Raymund Eich, a graduate student from Houston, Texas

Marty Johns, an engineer from Stow, Ohio (whose 1-day cash winnings total $11,000)

[next game >>]

Jeopardy! Round responses

BODIES OF WATER
SPORTS
LITERATURE
JOY OF COOKING
BIBLICAL MUSICAL INSTRUMENTS
COSTUMES
(Alex: An all video category and we have the gracious help of a very talented television personality; you'll have no trouble identifying her.)
    $100 1
the Nile

Raymund
    $100 8
Navratilova

Barbara
    $100 4
Christopher Columbus

Barbara
    $100 16
bacon

Barbara
    $100 26
bells

Marty
    $100 21
Barbara Eden

Barbara
    $200 2
the Bering Sea

Barbara
    $200 12
Churchill Downs

Raymund
    $200 5
(Thornton) Wilder

Raymund
    $200 17
eggplant

Marty
    $200 27
cymbals

Raymund
    $200 22
A League of Their Own

Barbara
    $300 3
New Zealand

Barbara
    $300 13
Mike Ditka

Barbara
    $300 9
Animal Farm

Barbara
    $300 18
rum

Raymund
    $300 28
rams' horns

Marty
    $300 23
Bugsy

Raymund
    $400 6
Israel

Raymund
    $400 14
swimming

Marty
    $400 10
(T.S.) Eliot

Raymund
    $400 19
mincemeat

Barbara
    $400 29
a lyre (harp)

Marty
    $400 24
Hook

Barbara
    $500 7
the Black Sea

Marty
    $500 15
(Alex: Who happens to have a son, Marty, who plays in the NHL.)

Gordie Howe

Marty
    $500 11
(T.H.) White

Raymund
    $500 20
tofu

Marty
    $400 30
(Marty: What is, uh... a harp?)

dulcimer

Marty
    $500 25
(Alex: I do want to thank Vanna White for modeling all of our costumes in this particular category; appreciate it, Vanna.)

(Julia) Ormond

Raymund

Scores at the first commercial break (after clue 15):

Marty Raymund Barbara
$1,400 $1,800 $1,300

Scores at the end of the Jeopardy! Round:

Marty Raymund Barbara
$2,500 $3,100 $2,500

Double Jeopardy! Round responses

19th CENTURY PEOPLE
SHAKESPEAREAN ACTORS
AIRPORTS
PSYCH 102
ART
FILE UNDER "C"
    $200 6
(Zebulon) Pike

Raymund
    $200 1
[Marty selected the first clue.]

Madrid

Marty
    $200 21
germs

Barbara
    $200 11
an etching

Raymund
    $200 16
a chameleon

Marty
    $400 7
(Clara) Barton

Marty
    $400 29
[The end-of-round signal sounds.]

Richard Thomas

Barbara
    $400 2
Iceland

Marty
    $400 22
a nervous breakdown

Raymund
    $400 12
bronze

Marty
    $400 17
Caesar

Raymund
    $600 8
(George Washington) Carver

Marty
    $600 28
Olivier

Raymund
    $600 3
Love (Field)

Marty
    $600 23
(Alex: You knew that Morgan Fairchild was not my wife. Anymore.)
[Laughter]
(Alex: Less than a minute to go.)

lying

Barbara
    $600 13
Diana

Marty
    $600 18
Calcutta

Marty
    $2,000 9
(Horace) Greeley

Marty
    $800 27
Iago

Raymund
    $800 4
South Africa

Marty
    $800 24
a story

Triple Stumper
    $800 14
(Marty: What is sculpture?)

photography

Marty
Triple Stumper
    $800 19
Capricorn & Cancer

Raymund
    $1000 10
(Marty: Who is Harrison?)
(Alex: Be more specific.)

William Henry Harrison

Marty
    $1000 26
Ariel

Raymund
    $1,500 5
Beatrix

Marty
    $1000 25
body language

Raymund
    $1000 15
Turner

Triple Stumper
    $1000 20
the Capuchin

Marty

Scores at the end of the Double Jeopardy! Round:

Marty Raymund Barbara
$12,000 $8,500 $3,700

[wagering suggestions for these scores]

Final Jeopardy! Round responses

THE UNITED NATIONS
(Alex: No, Boutros Boutros-Ghali is from Africa.)
BarbaraWhat are Australia & Africa?
$3,300
RaymundWhat are N. America and Australia?
$1,099
MartyWhat is N. America & Australia
$5,100
North America & Australia

Final scores:

Marty Raymund Barbara
$17,100 $9,599 $400
2-day champion: $28,100 2nd place: O'Sullivan home theater + Aiwa digital mini system + GameTek versions of Jeopardy! & the Jeopardy! Challenge scorekeeper 3rd place: home videos from Polygram Video + GameTek versions of Jeopardy! & the Jeopardy! Challenge scorekeeper

Game dynamics:

Coryat scores:

Marty Raymund Barbara
$10,700 $8,500 $3,700
22 R
(including 2 DDs),
2 W
(including 1 DD)
19 R,
0 W
14 R,
0 W

Combined Coryat: $22,900

[game clues] [game scores] [suggest correction]

Game tape date: Unknown
The J! Archive is created by fans, for fans. Scraping, republication, monetization, and malicious use prohibited; this site may use cookies and collect identifying information. See terms. The Jeopardy! game show and all elements thereof, including but not limited to copyright and trademark thereto, are the property of Jeopardy Productions, Inc. and are protected under law. This website is not affiliated with, sponsored by, or operated by Jeopardy Productions, Inc. Join the discussion at JBoard.tv.